<?xml version="1.0" encoding="UTF-8"?>
<marc:record xmlns:marc="http://www.loc.gov/MARC21/slim">
   <marc:leader>00000nam a2200000 a 4500</marc:leader>
   <marc:datafield ind1="1" ind2=" " tag="100">
      <marc:subfield code="a">Kinney, Jeff</marc:subfield>
      <marc:subfield code="4">aut</marc:subfield>
      <marc:subfield code="e">Verfasser/-in</marc:subfield>
   </marc:datafield>
   <marc:datafield ind1="1" ind2=" " tag="100">
      <marc:subfield code="a">McMahon, Collin</marc:subfield>
   </marc:datafield>
   <marc:datafield ind1="0" ind2="0" tag="245">
      <marc:subfield code="a">Geht's noch?</marc:subfield>
   </marc:datafield>
   <marc:datafield ind1="0" ind2="0" tag="245">
      <marc:subfield code="b">Gregs Tagebuch</marc:subfield>
   </marc:datafield>
   <marc:datafield ind1="0" ind2="0" tag="245">
      <marc:subfield code="c">Jeff Kinney. Aus dem Engl. von Collin McMahon</marc:subfield>
   </marc:datafield>
   <marc:datafield ind1=" " ind2="1" tag="264">
      <marc:subfield code="a">Frankfurt am Main</marc:subfield>
      <marc:subfield code="b">Baumhaus-Verl.</marc:subfield>
      <marc:subfield code="c">2011</marc:subfield>
   </marc:datafield>
   <marc:datafield ind1="1" ind2=" " tag="490">
      <marc:subfield code="a">Gregs Tagebuch</marc:subfield>
   </marc:datafield>
   <marc:datafield ind1="1" ind2=" " tag="520">
      <marc:subfield code="a">In Band 5 des erfolgreichen Comic-Romans "Gregs Tagebuch" (zuletzt "Ich war's nicht!") vertraut Greg seinem Tagebuch erneut alle Sorgen und Nöte an, die sich dieses Mal vor allem um das Thema Pubertät drehen. Da wandert einerseits der Ratgeber "Was ist bloss los mit meinem Körper?", den die Mutter fürsorglich auf Gregs Bett legt, direkt in den Müll, andererseits ist er furchtbar neidisch auf den 1. Pickel seines Noch-nicht-wieder besten Freundes Rupert (die Versöhnung findet erst ganz am Ende von Band 5 statt). Wie grausam das Leben mit Greg umgeht, der plötzlich mehr Verantwortung übernehmen soll, weil die Mutter eine kreative Studienphase einlegen möchte, schildert Jeff Kinnes gewohnt witzig aus der überaus einseitigen Perspektive des liebenswerten Chaoten. Unbedingt empfohlen für die zwischenzeitlich riesige Greg-Fangemeinde und für alle, die seine Bekanntschaft erst noch machen müssen. Ab 11</marc:subfield>
   </marc:datafield>
   <marc:datafield ind1=" " ind2=" " tag="020">
      <marc:subfield code="a">9783833936364</marc:subfield>
      <marc:subfield code="9">9783833936364</marc:subfield>
   </marc:datafield>
   <marc:datafield ind1=" " ind2=" " tag="041">
      <marc:subfield code="a">ger</marc:subfield>
   </marc:datafield>
   <marc:datafield ind1="0" ind2=" " tag="490">
      <marc:subfield code="v">5</marc:subfield>
   </marc:datafield>
   <marc:datafield ind1="1" ind2=" " tag="521">
      <marc:subfield code="a">0</marc:subfield>
   </marc:datafield>
   <marc:datafield ind1=" " ind2=" " tag="300">
      <marc:subfield code="a">218 S.</marc:subfield>
   </marc:datafield>
</marc:record>
